[Event "SLO-chT3 West"]
[Site "Komenda"]
[Date "2022.12.11"]
[Round "5.4"]
[White "Beletic, Daniel"]
[Black "Vardic, Ivan"]
[Result "1-0"]
[WhiteElo "2294"]
[BlackElo "1686"]
[PlyCount "59"]
[EventDate "2022.12.09"]
[EventType "team-swiss"]
[EventRounds "5"]
[EventCountry "SLO"]
[SourceTitle "EXT 2024"]
[Source "ChessBase"]
[SourceDate "2023.10.10"]
[SourceVersion "1"]
[SourceVersionDate "2023.10.10"]
[SourceQuality "1"]
[WhiteTeam "Posocje"]
[BlackTeam "Stari Trg ob Kolpi"]
[WhiteTeamCountry "SLO"]
[BlackTeamCountry "SLO"]

1. d4 Nf6 2. Nf3 g6 3. Bg5 Bg7 4. Nbd2 d5 5. e3 0-0 6. Be2 Bf5 7. c3 c6 8. Qb3 Qb6 9. 0-0 Nbd7 10. h3 h5 11. c4 dxc4 12. Qa3 Rfe8 13. Nxc4 Qc7 14. Bf4 Qc8 15. Rac1 Nd5 16. Bh2 N7b6 17. Ncd2 Nf6 18. Rfe1 Qd7 19. Ne5 Qd8 20. Ndf3 Nfd7 21. Nxf7 Kxf7 22. e4 Bxe4 23. Ng5+ Kg8 24. Nxe4 e5 25. Qg3 Re6 26. Ng5 Re8 27. Bd3 Qf6 28. Nf3 Re6 29. dxe5 Nxe5 30. Rxe5 1-0